00794cam a22002295a 450000500170000000800410001701000140005802000270007203500130009903700130011204000130012510000230013824500870016126000500024827000580029830000300035650000290038652000260041561000470044165100530048870000230054120091103014612.0090911s2009 ii ab b 100 0 eng d aENG-95351 a9788131306604c1695.00 aEN-78884 aDBAD/PUB aDPLbeng aBanik, Sudip Datta aEnvironment Challenes of the 21st Centurycby Sudip Datta Banik, Saikat Kumar Basu aNew Delhi :bAPH Publishing Corporationc2009 a4435-36/7. Ansari road, Darya GanjbNew Delhie110002 a xii,384p.c22 cm. (Hb) aBibliography references. aContributed articles. aCollege of Fort St. George (Madras, India) aMadras (India)xIntellectual lifey19th century. aBasu, Saikat Kumar